Achieve CAPM® exam success : (Record no. 63281)
[ view plain ]
| 000 -LEADER | |
|---|---|
| fixed length control field | 01665cam a2200301 a 4500 |
| 001 - CONTROL NUMBER | |
| control field | vtls003211851 |
| 003 - CONTROL NUMBER IDENTIFIER | |
| control field | MY-SjTCS |
| 005 - DATE AND TIME OF LATEST TRANSACTION | |
| control field | 20200306170531.0 |
| 008 - FIXED-LENGTH DATA ELEMENTS--GENERAL INFORMATION | |
| fixed length control field | 110218s2010 flua b 001 0 eng |
| 020 ## - INTERNATIONAL STANDARD BOOK NUMBER | |
| International Standard Book Number | 9781604270174 (pbk.) |
| 020 ## - INTERNATIONAL STANDARD BOOK NUMBER | |
| International Standard Book Number | 1604270179 (pbk.) |
| 039 #9 - LEVEL OF BIBLIOGRAPHIC CONTROL AND CODING DETAIL [OBSOLETE] | |
| Level of rules in bibliographic description | 201102181800 |
| Level of effort used to assign nonsubject heading access points | VLOAD |
| Level of effort used to assign subject headings | 201101031504 |
| Level of effort used to assign classification | wilmina |
| -- | 201010271432 |
| -- | malathy |
| 082 00 - DEWEY DECIMAL CLASSIFICATION NUMBER | |
| Classification number | 658.404076 |
| Item number | ALT 2010 |
| 100 1# - MAIN ENTRY--PERSONAL NAME | |
| Personal name | Altwies, Diane, |
| Dates associated with a name | 1962- |
| 9 (RLIN) | 47883 |
| 245 10 - TITLE STATEMENT | |
| Title | Achieve CAPM® exam success : |
| Remainder of title | a concise study guide and desk reference / |
| Statement of responsibility, etc. | Diane Altwies, Frank Reynolds. |
| 246 3# - VARYING FORM OF TITLE | |
| Title proper/short title | Achieve Certified associate in project management success |
| 260 ## - PUBLICATION, DISTRIBUTION, ETC. | |
| Place of publication, distribution, etc. | Ft. Lauderdale, FL : |
| Name of publisher, distributor, etc. | J. Ross, |
| Date of publication, distribution, etc. | c2010. |
| 300 ## - PHYSICAL DESCRIPTION | |
| Extent | 1 v. (various pagings) : |
| Other physical details | ill. ; |
| Dimensions | 24 cm. + |
| Accompanying material | 1 CD-ROM (4 3/4 in.). |
| 500 ## - GENERAL NOTE | |
| General note | "Based on the PMBOK® guide--fourth edition"--Cover. |
| 504 ## - BIBLIOGRAPHY, ETC. NOTE | |
| Bibliography, etc. note | Includes bibliographical references and index. |
| 505 0# - FORMATTED CONTENTS NOTE | |
| Formatted contents note | Exam overview & assessment exam -- Framework -- Processes -- Integration -- Scope -- Time -- Cost -- Quality -- Human resources -- Communications -- Risk -- Procurement -- Final exam -- Appendix A. Sample assessment exam : answers and references -- Appendix B. Sample final exam : answers and references -- Appendix C. Glossary -- Appendix D. Bibliographiy. |
| 630 00 - SUBJECT ADDED ENTRY--UNIFORM TITLE | |
| Uniform title | Guide to the project management body of knowledge (PMBOK guide) |
| Version | 4th ed. |
| 9 (RLIN) | 286933 |
| 650 #0 - SUBJECT ADDED ENTRY--TOPICAL TERM | |
| Topical term or geographic name entry element | Project management |
| General subdivision | Examinations |
| Form subdivision | Study guides. |
| 9 (RLIN) | 28070 |
| 650 #0 - SUBJECT ADDED ENTRY--TOPICAL TERM | |
| Topical term or geographic name entry element | Project management |
| Form subdivision | Examinations, questions, etc. |
| 9 (RLIN) | 18392 |
| 650 #0 - SUBJECT ADDED ENTRY--TOPICAL TERM | |
| Topical term or geographic name entry element | Project management |
| General subdivision | Certification |
| Form subdivision | Study guides. |
| 9 (RLIN) | 286934 |
| 700 1# - ADDED ENTRY--PERSONAL NAME | |
| Personal name | Reynolds, Frank, |
| Dates associated with a name | 1943 Feb. 26- |
| 9 (RLIN) | 47884 |
| 920 ## - Programme | |
| Programme | DIB : 159168, 153776 |
| Withdrawn status | Lost status | Source of classification or shelving scheme | Damaged status | Not for loan | Home library | Current library | Date acquired | Total Checkouts | Barcode | Date last seen | Copy number | Koha item type | Public note | Cost, normal purchase price | Date last checked out | Uniform Resource Identifier | Cost, replacement price |
|---|---|---|---|---|---|---|---|---|---|---|---|---|---|---|---|---|---|
| Dewey Decimal Classification | Taylor's Library-TU | Taylor's Library-TU | 03/01/2011 | 1000524135 | 05/12/2019 | 1 | Accompanying Material (Media Resource) | TBSxx,28000,03,AD | |||||||||
| Dewey Decimal Classification | Taylor's Library-TU | Taylor's Library-TU | 24/11/2010 | 2 | 5000107982 | 05/12/2019 | Main Collection | TBSxx,28000,03,AD | 218.45 | 03/09/2016 | Floor 4, Shelf 25 , Side 2, TierNo 1, BayNo 7 | 218.45 |